[Event "World Blitz 2015"]
[Site "Berlin GER"]
[Date "2015.10.13"]
[Round "5.5"]
[White "Korobov, Anton"]
[Black "Socko, Bartosz"]
[Result "1/2-1/2"]
[WhiteTitle "GM"]
[BlackTitle "GM"]
[WhiteElo "2700"]
[BlackElo "2599"]
[WhiteFideId "14105730"]
[BlackFideId "1107038"]
[EventDate "2015.10.13"]

1. d4 Nf6 2. c4 e6 3. Nf3 Bb4+ 4. Nbd2 O-O 5. a3 Be7 6. e4 d5 7. e5 Nfd7 8. Bd3
c5 9. h4 g6 10. b4 cxd4 11. cxd5 exd5 12. Nb3 Nc6 13. Bf4 Nb6 14. b5 Nb8 15.
Nfxd4 N8d7 16. Qc2 Nc4 17. Bxc4 dxc4 18. Qxc4 Nb6 19. Qe2 Bxh4 20. Rd1 Qe7 21.
g3 Bg5 22. Bxg5 Qxg5 23. Nf3 Qe7 24. Qe3 Bg4 25. Nbd4 Nc4 26. Qe4 Nxe5 27. Qxe5
Qxe5+ 28. Nxe5 Rfe8 29. f4 Bxd1 30. Kxd1 Rad8 31. Nf3 Re4 32. Kc2 Rexd4 33. Nxd4
Rxd4 34. Re1 Rd7 35. Kc3 h5 36. a4 b6 37. a5 bxa5 38. Ra1 Kg7 39. Rxa5 f6 40.
Kc4 g5 41. fxg5 fxg5 42. b6 axb6 43. Rxg5+ Kh6 44. Rb5 Rd6 45. Kc3 Kg6 46. Kc2
Kh6 47. Kc3 Rg6 48. Kd2 Re6 49. Kd3 Kg6 50. Kd2 Kh6 51. Kd3 Rg6 52. Ke2 Rxg3 53.
Rxb6+ Kg5 54. Kf2 Kh4 55. Rb1 Rg5 56. Rh1+ Kg4 1/2-1/2

[Event "World Blitz 2015"]
[Site "Berlin GER"]
[Date "2015.10.13"]
[Round "5.7"]
[White "Aronian, Levon"]
[Black "Zvjaginsev, Vadim"]
[Result "1-0"]
[WhiteTitle "GM"]
[BlackTitle "GM"]
[WhiteElo "2784"]
[BlackElo "2660"]
[WhiteFideId "13300474"]
[BlackFideId "4113403"]
[EventDate "2015.10.13"]

1. c4 b6 2. Nf3 Bb7 3. g3 Nf6 4. Bg2 g6 5. d4 c5 6. d5 b5 7. Nfd2 bxc4 8. Nxc4
d6 9. Nc3 Bg7 10. O-O O-O 11. Re1 Ba6 12. Qa4 Bxc4 13. Qxc4 Nbd7 14. Rb1 Qa5 15.
a3 Rab8 16. Bd2 Ne5 17. Qa2 Qa6 18. Rec1 Qc4 19. b3 Qg4 20. h3 Qh5 21. b4 cxb4
22. axb4 Rb7 23. f4 Ned7 24. g4 Nxg4 25. hxg4 Qxg4 26. e3 h5 27. Qc4 Nb6 28. Qe2
Qd7 29. Nb5 Nxd5 30. Bxd5 Qxb5 31. Qxb5 Rxb5 32. Bc6 Rbb8 33. b5 e6 34. Kf2 d5
35. Kf3 Bf6 36. Bb4 Rfd8 37. Bc5 1-0

[Event "World Blitz 2015"]
[Site "Berlin GER"]
[Date "2015.10.13"]
[Round "5.11"]
[White "Kovalenko, Igor"]
[Black "Fedoseev, Vladimir3"]
[Result "0-1"]
[WhiteTitle "GM"]
[BlackTitle "GM"]
[WhiteElo "2700"]
[BlackElo "2659"]
[WhiteFideId "14117908"]
[BlackFideId "24130737"]
[EventDate "2015.10.13"]

1. d4 Nf6 2. Nf3 e6 3. e3 b6 4. Bd3 Bb7 5. O-O Be7 6. c4 O-O 7. Nc3 d5 8. cxd5
Nxd5 9. e4 Nxc3 10. bxc3 c5 11. Bb2 Qc8 12. Re1 Rd8 13. Rc1 Ba6 14. Bb1 Nc6 15.
h4 e5 16. d5 Bf6 17. Rc2 Na5 18. Bc1 h6 19. Nh2 Bxh4 20. Qh5 Bg5 21. Bxg5 hxg5
22. Re3 Rd6 23. Qxg5 Rg6 24. Qh5 Rh6 25. Qd1 Nc4 26. Rg3 Qd8 27. Nf3 Qf6 28. Re2
g6 29. Bd3 Kg7 30. Ng5 Rah8 31. Nh3 b5 32. Bxc4 bxc4 33. Ree3 Bc8 34. Ref3 Qd6
35. Qa4 Rh4 36. Qxa7 Bd7 37. Re3 Rb8 38. Kh2 Rb2 39. Rgf3 g5 40. Rg3 g4 41. Qa8
Rh8 42. Qa3 Rd2 43. Qc1 Rxa2 44. Ref3 Qh6 45. Qxh6+ Rxh6 46. Re3 Kf8 47. Re1
gxh3 48. gxh3 Rxf2+ 49. Kg1 Rf4 50. Kg2 Rfh4 51. Ree3 Ra6 0-1

[Event "World Blitz 2015"]
[Site "Berlin GER"]
[Date "2015.10.13"]
[Round "5.12"]
[White "Wojtaszek, Radoslaw"]
[Black "Karjakin, Sergey"]
[Result "0-1"]
[WhiteTitle "GM"]
[BlackTitle "GM"]
[WhiteElo "2734"]
[BlackElo "2762"]
[WhiteFideId "1118358"]
[BlackFideId "14109603"]
[EventDate "2015.10.13"]

1. d4 d5 2. c4 dxc4 3. e3 Nf6 4. Bxc4 e6 5. Nf3 a6 6. O-O c5 7. Bb3 cxd4 8. exd4
Nc6 9. Nc3 Be7 10. Re1 O-O 11. Bf4 Nb4 12. Ne5 Nbd5 13. Bg3 Nxc3 14. bxc3 Bd7
15. c4 Rc8 16. Qd3 Nh5 17. Rad1 Nxg3 18. Qxg3 Qc7 19. d5 exd5 20. Nxd7 Qxd7 21.
Rxd5 Qc7 22. Qf3 Bc5 23. g3 Rfe8 24. Rxe8+ Rxe8 25. Kg2 Re6 26. Bc2 g6 27. Rd2
Qb6 28. Qd3 Kg7 29. Re2 Rf6 30. Qd2 Rd6 31. Qc3+ Bd4 32. Qb3 Qc7 33. Be4 b6 34.
Bd5 Rf6 35. Qd3 Qc5 36. f4 Rd6 37. Re4 Bf6 38. Qe3 Qc7 39. Re8 b5 40. Qe4 bxc4
41. Bxc4 Rd4 42. Qa8 Qxc4 43. Rg8+ Kh6 44. Qf8+ Kh5 45. f5 Rd2+ 0-1

[Event "World Blitz 2015"]
[Site "Berlin GER"]
[Date "2015.10.13"]
[Round "5.13"]
[White "Akopian, Vladimir"]
[Black "Meier, Georg"]
[Result "1/2-1/2"]
[WhiteTitle "GM"]
[BlackTitle "GM"]
[WhiteElo "2648"]
[BlackElo "2654"]
[WhiteFideId "13300032"]
[BlackFideId "4675789"]
[EventDate "2015.10.13"]

1. Nf3 d5 2. g3 Bg4 3. Bg2 e6 4. c4 c6 5. O-O Nf6 6. Qb3 Qb6 7. Qc2 Nbd7 8. b3
Be7 9. Bb2 O-O 10. d3 Rfd8 11. Nbd2 h6 12. cxd5 cxd5 13. Rac1 Qa6 14. Rfe1 b6
15. Nd4 Ba3 16. Bxa3 Qxa3 17. N2f3 Qf8 18. Qb2 Rdc8 19. h3 Bxf3 20. Bxf3 Qd6 21.
Bg2 g6 22. b4 a6 23. a3 e5 24. Nf3 Kg7 25. Nd2 a5 26. bxa5 Rxc1 27. Rxc1 Rxa5
28. Rc3 b5 29. Rb3 Qa6 30. Nf3 Qd6 31. Rxb5 Rxb5 32. Qxb5 Qxa3 33. Qb1 Qc3 34.
Qe1 Qa3 35. Qd1 Qb2 36. Qd2 Qa1+ 37. Qe1 Qa3 38. Qd2 Qa1+ 39. Qe1 Qb2 40. Qd2
Qa1+ 41. Qe1 Qxe1+ 42. Nxe1 d4 43. e3 dxe3 44. fxe3 Nc5 45. Kf2 Ne8 46. d4 exd4
47. exd4 Ne6 48. Nc2 Nd6 49. d5 Nc5 50. Nd4 Kf6 51. g4 Ke5 52. Nc6+ Kf4 53. Nd8
Nce4+ 54. Bxe4 Kxe4 55. Nc6 Kxd5 56. Nb4+ Ke4 57. Kg3 Nc4 58. Nc6 Ne5 59. Na5
Ke3 60. Nb3 Nc4 61. Nc5 Nd6 62. Nd7 Ne4+ 63. Kg2 Kf4 64. Nb6 Nd6 65. Nd5+ Ke4
66. Nf6+ Kf4 67. Ng8 Kg5 68. Ne7 Kf6 69. Nd5+ Ke6 70. Nf4+ Ke5 71. Kf3 Nc8 72.
Nd3+ Kd4 73. Nf4 Ne7 74. Ne2+ Ke5 75. Nf4 Nc6 76. Nd3+ Kd4 77. Nf4 Ne5+ 78. Kg3
Ke4 79. Ne2 Nd3 80. Nc3+ Ke5 81. Ne2 f6 82. Kf3 f5 83. gxf5 Kxf5 84. h4 Ne5+ 85.
Kg3 Ke4 86. Nf4 Kf5 87. Ne2 Nf7 88. Nd4+ Ke4 89. Ne6 Nd6 90. Kg4 Ke5 91. Nf4 Kf6
92. Nd5+ Kf7 93. Nc3 Ke6 94. Ne2 Kf6 95. Nc3 Ke5 96. Ne2 Ne4 97. Nf4 Kf6 98.
Nd5+ Kf7 99. Kf4 Nd6 100. Ne3 h5 101. Nd5 Kg7 102. Ne3 Nf7 103. Nc4 Kf6 104. Ne3
Ke6 105. Nc2 Nd6 106. Kg5 Kf7 107. Nd4 Ne4+ 108. Kf4 Nc3 109. Kg5 Nd5 110. Nf3
Ne7 1/2-1/2

[Event "World Blitz 2015"]
[Site "Berlin GER"]
[Date "2015.10.13"]
[Round "5.14"]
[White "Salem, A.R. Saleh"]
[Black "Lenic, Luka"]
[Result "1-0"]
[WhiteTitle "GM"]
[BlackTitle "GM"]
[WhiteElo "2624"]
[BlackElo "2639"]
[WhiteFideId "9301348"]
[BlackFideId "14603853"]
[EventDate "2015.10.13"]

1. d4 Nf6 2. c4 e6 3. Nf3 d5 4. Nc3 Be7 5. Bg5 O-O 6. e3 b6 7. Bxf6 Bxf6 8. cxd5
exd5 9. Bd3 Bb7 10. h4 h6 11. g4 g6 12. g5 hxg5 13. hxg5 Bg7 14. Qc2 c5 15.
O-O-O Nc6 16. Bxg6 fxg6 17. Qxg6 Rxf3 18. Rh7 Qd7 19. Rdh1 Kf8 20. Rh8+ Bxh8 21.
Rxh8+ Ke7 22. Rh7+ Kd8 23. Qg8+ Qe8 24. Qxd5+ Kc8 25. Nb5 Qd8 26. Nd6+ 1-0

[Event "World Blitz 2015"]
[Site "Berlin GER"]
[Date "2015.10.13"]
[Round "5.17"]
[White "Melkumyan, Hrant"]
[Black "Zhang, Zhong"]
[Result "1/2-1/2"]
[WhiteTitle "GM"]
[BlackTitle "GM"]
[WhiteElo "2622"]
[BlackElo "2619"]
[WhiteFideId "13302485"]
[BlackFideId "8600694"]
[EventDate "2015.10.13"]

1. d4 d5 2. c4 e6 3. Nf3 Nf6 4. Nc3 Be7 5. g3 O-O 6. Bg2 dxc4 7. Ne5 c5 8. dxc5
Qxd1+ 9. Nxd1 Bxc5 10. Nc3 Nbd7 11. Nxc4 Nb6 12. Ne5 Bd4 13. Nd3 Bxc3+ 14. bxc3
Nfd5 15. Nc5 Rb8 16. a4 Nc4 17. Bxd5 exd5 18. f3 b6 19. Nb3 Ba6 20. Nd4 Rbc8 21.
Kf2 Rfe8 22. Rd1 f6 23. g4 Kf7 24. h4 Rc7 25. Bf4 Rcc8 26. Ra2 g6 27. g5 f5 28.
Rh1 Na5 29. Ra3 Nc4 30. Raa1 Na5 31. Rac1 Nc6 32. e3 Nxd4 33. cxd4 Rxc1 34. Rxc1
Rc8 35. Rh1 Rg8 36. h5 Bc4 37. Be5 Ke6 38. hxg6 hxg6 39. Rh7 a6 40. Rb7 b5 41.
Rb6+ Kf7 42. Rxa6 b4 43. Rb6 b3 44. Rb4 Ra8 45. Ke1 Ke6 46. Kd2 Kd7 47. Kc3 Kc6
48. Kb2 Ra7 49. Ka3 Rh7 50. a5 Rh1 51. Rb6+ Kd7 52. Rb7+ Kc6 53. Rb6+ Kd7 54.
Kb2 Rg1 55. Rb7+ Kc6 56. Rb6+ Kd7 57. a6 Rg2+ 58. Kc1 Rc2+ 59. Kd1 Ra2 60. Rb7+
Kc6 61. Rc7+ Kb6 62. Rb7+ Kxa6 63. Rb8 Ka7 64. Rb4 Ka6 65. e4 fxe4 66. fxe4 Ka5
67. Rb8 Ka4 68. exd5 Bxd5 69. Bd6 Be4 70. Rb4+ Ka3 71. d5 Bc2+ 72. Kc1 Ra1+ 73.
Kd2 Rd1+ 74. Ke2 Ka2 75. Be5 Ka3 76. Bd6 Ka2 77. Be5 Ka3 78. Rb5 Ka4 79. Rc5 Kb4
80. Bd6 Ka4 81. Be5 Kb4 82. Bd6 Ka4 83. Be5 Kb4 84. Bd6 Ka4 85. Rc4+ Kb5 86.
Rc5+ Kb6 87. Rc6+ Kb7 88. Rc7+ Kb6 89. Rc6+ Kb5 90. Rc5+ Kb6 91. Rc6+ Kb7 92.
Rc7+ Ka6 93. Rc6+ Kb5 94. Rc5+ Ka4 95. Be5 Kb4 96. Bd6 Ka4 97. Be5 Kb4 98. Bd6
Ka4 99. Rc4+ Kb5 100. Rc5+ Kb6 101. Rc6+ Kb7 102. Rc7+ Kb6 103. Rc6+ Kb7 104.
Rc7+ 1/2-1/2

[Event "World Blitz 2015"]
[Site "Berlin GER"]
[Date "2015.10.13"]
[Round "5.19"]
[White "Fressinet, Laurent"]
[Black "Ivanisevic, Ivan"]
[Result "1-0"]
[WhiteTitle "GM"]
[BlackTitle "GM"]
[WhiteElo "2702"]
[BlackElo "2653"]
[WhiteFideId "608742"]
[BlackFideId "912417"]
[EventDate "2015.10.13"]

1. Nf3 d5 2. g3 Nc6 3. d4 Bf5 4. Bg2 Nb4 5. Na3 e6 6. O-O Be7 7. c3 Na6 8. Qb3
Qc8 9. c4 c6 10. Bd2 Nf6 11. Rac1 O-O 12. Rfd1 Ne4 13. Be1 Bf6 14. Nb1 Rd8 15.
Nc3 Nc7 16. Ne5 Nxc3 17. bxc3 Bxe5 18. dxe5 b5 19. cxb5 cxb5 20. Bd2 h6 21. Be3
Qa6 22. Bc5 Rac8 23. Bf1 Na8 24. Be7 Re8 25. Bd6 Nb6 26. e4 Bxe4 27. Bxb5 Qb7
28. Rd4 Red8 29. a4 Nc4 30. Bxc4 dxc4 31. Qxb7 Bxb7 32. Rb1 Bd5 33. f4 f5 34. a5
Rd7 35. Kf2 Kf7 36. Ke3 g5 37. Rd2 Be4 38. Rb4 Rc6 39. Rdb2 Ra6 40. Rb5 Rc6 41.
Rb8 Ra6 42. Rf8+ Kg6 43. Rf6+ Kh5 44. h3 gxf4+ 45. Kxf4 Rh7 46. Be7 Rxe7 47. g4+ 1-0

[Event "World Blitz 2015"]
[Site "Berlin GER"]
[Date "2015.10.13"]
[Round "5.20"]
[White "Tomashevsky, Evgeny"]
[Black "Donchenko, Alexander"]
[Result "1-0"]
[WhiteTitle "GM"]
[BlackTitle "GM"]
[WhiteElo "2758"]
[BlackElo "2577"]
[WhiteFideId "4147235"]
[BlackFideId "24603295"]
[EventDate "2015.10.13"]

1. c4 Nf6 2. Nc3 c5 3. Nf3 Nc6 4. e3 e6 5. d4 d5 6. cxd5 Nxd5 7. Bc4 Nf6 8. O-O
a6 9. Qe2 b5 10. Bb3 Bb7 11. Rd1 Na5 12. Bc2 Qc7 13. e4 cxd4 14. Nxd4 Bd6 15.
Kh1 Be5 16. Nf3 Bxc3 17. bxc3 e5 18. Bg5 Nd7 19. a4 Nc4 20. axb5 axb5 21. Rxa8+
Bxa8 22. Bd3 h6 23. Bxc4 bxc4 24. Bc1 O-O 25. Ba3 Re8 26. Nh4 Nf6 27. f3 Rd8 28.
Nf5 Rxd1+ 29. Qxd1 Bc6 30. Qd6 Qxd6 31. Bxd6 Bd7 32. Ne3 Be6 33. Bxe5 Nd7 34.
Bd4 g5 35. Kg1 Kh7 36. g3 Kg6 37. f4 gxf4 38. gxf4 f5 39. exf5+ Bxf5 40. Nxc4
Kh5 41. Ne3 Be4 42. c4 Nf8 43. Be5 Kg6 44. Kf2 Ne6 45. Kg3 Nc5 46. Bd4 Ne6 47.
Be5 Nc5 48. Bd6 Ne6 49. Kg4 h5+ 50. Kh4 Nd4 51. Be5 Nf3+ 52. Kg3 Nd2 53. Bc3 Nb3
54. Bb4 Nd4 55. Kf2 Ne6 56. Bd6 Nd4 57. c5 Ne6 58. Kg3 Nd4 59. Kf2 Nf5 60. Nc4
Bd5 61. Ne5+ Kf6 62. Nd7+ Ke6 63. Nb6 Be4 64. Be5 Ne7 65. Ke3 Bg2 66. Kf2 Be4
67. Bb8 Nd5 68. Nxd5 Bxd5 69. Bd6 Kf5 70. Ke3 Bc6 71. Kd4 Ke6 72. Bf8 Bb7 73.
Kc3 Bc6 74. Kb4 Kd7 75. Bd6 Be4 76. Kb5 Bd3+ 77. Kb6 Be4 78. Be5 h4 79. Bf6 h3
80. Be5 Bc6 81. f5 Be4 82. f6 Bd5 83. c6+ Ke8 84. Kc7 Be6 85. Kd6 Bf5 86. Bg3
Bg4 87. c7 Kf7 88. Be5 Bf5 89. Kc6 Bc8 90. Kb6 Ke6 91. Ka7 Kd7 92. Kb8 Ba6 93.
Bc3 1-0

[Event "World Blitz 2015"]
[Site "Berlin GER"]
[Date "2015.10.13"]
[Round "5.21"]
[White "Sethuraman, S.P."]
[Black "Ghaem Maghami, Ehsan"]
[Result "1/2-1/2"]
[WhiteTitle "GM"]
[BlackTitle "GM"]
[WhiteElo "2640"]
[BlackElo "2596"]
[WhiteFideId "5021596"]
[BlackFideId "12500739"]
[EventDate "2015.10.13"]

1. d4 Nf6 2. Nc3 d5 3. Bf4 c6 4. e3 g6 5. Nf3 Bg7 6. Be2 O-O 7. Ne5 Nfd7 8. h4
Nxe5 9. Bxe5 f6 10. Bg3 Bf5 11. h5 Qb6 12. e4 dxe4 13. Bc4+ e6 14. hxg6 Qxb2 15.
Nxe4 Qb4+ 16. Nd2 hxg6 17. Bxb8 Raxb8 18. g4 b5 19. Bb3 c5 20. gxf5 c4 21. c3
Qxc3 22. Bc2 exf5 23. Kf1 Qxd4 24. Nf3 Qxd1+ 25. Rxd1 Rfd8 26. Kg2 Kf7 27. Nd4
Rb6 28. Rhe1 a6 29. Kf3 Rbd6 30. Ne2 Rd2 31. Ke3 Rxd1 32. Rxd1 Rxd1 33. Bxd1 Ke6
34. Nf4+ Kf7 35. Kd4 Bf8 36. Bf3 Bd6 37. Ne2 Be5+ 38. Kc5 Ke7 39. Bb7 Bd6+ 40.
Kd5 a5 41. Ba6 b4 42. Bxc4 a4 43. Nd4 b3 44. axb3 axb3 45. Bxb3 Bh2 46. Bd1 Bg1
47. f3 Kf7 48. Be2 Kg7 49. Ne6+ Kh6 50. Bd3 Be3 51. Nf8 Kg7 52. Nd7 Bg5 53. Ke6
Be3 54. Nxf6 Kh6 55. Nd5 Bd2 56. Kf7 Kg5 57. Be2 Bc1 58. Ne7 Kf4 59. Nxg6+ Ke3
60. Bd1 Kd2 61. Ba4 Ke2 62. Bc6 Kf2 63. Kf6 f4 64. Kf5 Kg3 65. Ke4 Bd2 66. Ne5
Bc1 67. Nd3 Be3 68. Bd5 Bd2 69. Nc5 Be3 70. Ne6 Bc1 71. Nd4 Kf2 72. Kd3 Be3 73.
Ne2 Ke1 74. Bc4 Kf2 75. Ke4 Bd2 76. Nxf4 Kg3 77. Nd5 Kh4 78. Ne3 Kg5 79. f4+ Kf6
80. f5 Kg5 81. Nd5 Kh6 82. Ke5 Bg5 83. Ke6 Kg7 84. Be2 Bh4 85. Ne3 Bg5 86. Nd5
Bh4 87. f6+ Bxf6 88. Nxf6 Kg6 89. Ke5 Kg5 90. Ne4+ Kg6 91. Bc4 Kh5 92. Kf5 Kh6
93. Nf6 Kg7 94. Bd5 Kh6 95. Ng4+ Kg7 96. Ne5 Kh6 97. Kf6 Kh5 98. Bf7+ Kh6 99.
Bg8 Kh5 100. Nf7 Kg4 101. Ke5 Kh5 102. Kf5 Kh4 103. Ne5 Kh5 104. Ng4 Kh4 105.
Bf7 Kh3 106. Ne3 Kh4 107. Bg6 Kh3 1/2-1/2

[Event "World Blitz 2015"]
[Site "Berlin GER"]
[Date "2015.10.13"]
[Round "5.22"]
[White "Hausrath, Daniel"]
[Black "Cheparinov, Ivan"]
[Result "1/2-1/2"]
[WhiteTitle "GM"]
[BlackTitle "GM"]
[WhiteElo "2503"]
[BlackElo "2681"]
[WhiteFideId "4617495"]
[BlackFideId "2905540"]
[EventDate "2015.10.13"]

1. Nf3 Nf6 2. g3 g6 3. Bg2 Bg7 4. O-O O-O 5. d4 d5 6. Be3 Bf5 7. Qc1 c6 8. c4
dxc4 9. Qxc4 Nbd7 10. Nc3 Ne4 11. Qb3 Nb6 12. Rfd1 Rc8 13. Rac1 Be6 14. Qc2 Nxc3
15. bxc3 Nc4 16. Bf4 Qa5 17. Ng5 Bf5 18. Qb3 b5 19. e4 Bg4 20. Nf3 c5 21. d5 e5
22. dxe6 Bxe6 23. Ng5 Bg4 24. f3 Be6 25. Nxe6 fxe6 26. Rd7 a6 27. Bf1 Rf7 28.
Rxf7 Kxf7 29. Bxc4 bxc4 30. Qxc4 Qb5 31. Qxb5 axb5 32. Rb1 Bxc3 33. Rxb5 Bd4+
34. Kf1 e5 35. Rb7+ Ke6 36. Bg5 Ra8 37. f4 c4 38. Rc7 c3 39. fxe5 Rxa2 40. Rc6+
Kxe5 41. Bf6+ Kxe4 42. Rc4 Rd2 43. Bxd4 Rxd4 44. Rxc3 Rd2 45. h4 1/2-1/2

[Event "World Blitz 2015"]
[Site "Berlin GER"]
[Date "2015.10.13"]
[Round "5.24"]
[White "Sasikiran, Krishnan"]
[Black "Mamedov, Rauf"]
[Result "0-1"]
[WhiteTitle "GM"]
[BlackTitle "GM"]
[WhiteElo "2639"]
[BlackElo "2657"]
[WhiteFideId "5004985"]
[BlackFideId "13401653"]
[EventDate "2015.10.13"]

1. d4 d6 2. e4 Nf6 3. f3 g6 4. c4 Bg7 5. Nc3 O-O 6. Be3 c5 7. Nge2 Nc6 8. d5 Ne5
9. Ng3 h5 10. Be2 h4 11. Nf1 e6 12. Bg5 exd5 13. cxd5 h3 14. gxh3 b5 15. Nxb5
Rb8 16. f4 Qa5+ 17. Qd2 Rxb5 18. Qxa5 Rxa5 19. fxe5 Nxe4 20. Be7 Re8 21. exd6
Bxb2 22. Rb1 Bc3+ 23. Kd1 Rxa2 24. Bb5 Bxh3 25. Rb3 Rb8 26. Kc1 a6 27. Bc4 Rb4
28. Rxb4 Rf2 29. Rb8+ Kh7 30. Ng3 Bd2+ 31. Kc2 Bf4+ 32. Kb3 Nd2+ 33. Kc3 Rf3+
34. Bd3 c4 35. Kd4 Rxd3+ 36. Kc5 c3 37. Ne2 Be5 38. Rc1 Bg2 39. Re8 Rxd5+ 40.
Kb6 Rb5+ 41. Kc7 Rb7+ 42. Kc8 Ra7 43. d7 Ra8# 0-1

[Event "World Blitz 2015"]
[Site "Berlin GER"]
[Date "2015.10.13"]
[Round "5.27"]
[White "Roiz, Michael"]
[Black "Onischuk, Vladimir"]
[Result "0-1"]
[WhiteTitle "GM"]
[BlackTitle "GM"]
[WhiteElo "2600"]
[BlackElo "2612"]
[WhiteFideId "2804158"]
[BlackFideId "14114038"]
[EventDate "2015.10.13"]

1. Nf3 g6 2. d4 d6 3. g3 Bg7 4. Bg2 Nf6 5. b3 O-O 6. Bb2 Nfd7 7. O-O e5 8. dxe5
dxe5 9. Nfd2 Nc6 10. Nc4 Re8 11. Nc3 Qe7 12. Nd5 Qd8 13. Nc3 Nb6 14. Qxd8 Nxd8
15. Na5 c6 16. Ne4 Ne6 17. Nd6 Re7 18. e3 f5 19. Rad1 e4 20. Bxg7 Kxg7 21. c4
Nc5 22. Rd2 Be6 23. Rfd1 Nc8 24. b4 Nxd6 25. Rxd6 Nd3 26. a3 Ne5 27. c5 Bf7 28.
Bf1 Rc8 29. Rd8 Rxd8 30. Rxd8 b6 0-1

[Event "World Blitz 2015"]
[Site "Berlin GER"]
[Date "2015.10.13"]
[Round "5.28"]
[White "Moiseenko, Alexander"]
[Black "Leko, Peter"]
[Result "1/2-1/2"]
[WhiteTitle "GM"]
[BlackTitle "GM"]
[WhiteElo "2692"]
[BlackElo "2707"]
[WhiteFideId "14102560"]
[BlackFideId "703303"]
[EventDate "2015.10.13"]

1. d4 Nf6 2. c4 e6 3. Nf3 b6 4. g3 Ba6 5. Qb3 d5 6. cxd5 Qxd5 7. Nc3 Qxb3 8.
axb3 Bb7 9. Bg2 a5 10. O-O Na6 11. Ne5 Bxg2 12. Kxg2 Bd6 13. Nd3 O-O-O 14. Bg5
h6 15. Bxf6 gxf6 16. e3 Kb7 17. Rfc1 Rd7 18. Kf3 Rg8 19. Rd1 Be7 20. Rac1 Rgd8
21. Ke2 Rg8 22. Kf3 Rgd8 23. Ke2 Rg8 1/2-1/2

[Event "World Blitz 2015"]
[Site "Berlin GER"]
[Date "2015.10.13"]
[Round "5.29"]
[White "Alekseev, Evgeny"]
[Black "Hjartarson, Johann"]
[Result "1/2-1/2"]
[WhiteTitle "GM"]
[BlackTitle "GM"]
[WhiteElo "2642"]
[BlackElo "2529"]
[WhiteFideId "4138147"]
[BlackFideId "2300044"]
[EventDate "2015.10.13"]

1. e4 e5 2. Nf3 Nc6 3. Bb5 a6 4. Ba4 Nf6 5. d3 b5 6. Bb3 Be7 7. Nc3 d6 8. a3 O-O
9. Nd5 Nxd5 10. Bxd5 Bb7 11. O-O Qd7 12. c3 Bf6 13. h3 Nd8 14. Ba2 Ne6 15. Nh2
g6 16. Ng4 Bg7 17. f4 exf4 18. Bxf4 h5 19. Nh6+ Kh7 20. Nf5 Nxf4 21. Rxf4 d5 22.
Nxg7 Kxg7 23. e5 Rae8 24. d4 f6 25. exf6+ Rxf6 26. Rxf6 Kxf6 27. Qd2 Kg7 28. Rf1
Qe7 29. Kh1 Qe3 30. Qd1 c6 31. Bb1 Qe2 32. Qc1 Bc8 33. Qf4 Qe6 34. Qg5 Bd7 35.
Bd3 a5 36. Kh2 Qd6+ 37. Kh1 Qe6 38. Bf5 Qd6 39. Bd3 Qe6 40. Rf3 Qd6 41. Kg1 Re1+
42. Kf2 Re7 43. Qd2 Rf7 44. Rxf7+ Kxf7 45. Qg5 Qf6+ 46. Qxf6+ Kxf6 47. h4 g5 48.
g3 Be8 49. Ke3 Bd7 50. Be2 Be8 51. b4 axb4 52. axb4 Bf7 53. Bf1 Be8 54. Bh3 Kg6
55. Bg2 Kf6 56. Bf3 Kg6 57. Be2 Kf6 58. Bd3 Bf7 1/2-1/2

[Event "World Blitz 2015"]
[Site "Berlin GER"]
[Date "2015.10.13"]
[Round "5.30"]
[White "Svidler, Peter"]
[Black "Khairullin, Ildar"]
[Result "1/2-1/2"]
[WhiteTitle "GM"]
[BlackTitle "GM"]
[WhiteElo "2727"]
[BlackElo "2652"]
[WhiteFideId "4102142"]
[BlackFideId "4151348"]
[EventDate "2015.10.13"]

1. Nf3 c5 2. e4 e6 3. d3 Nc6 4. g3 d5 5. Qe2 Nf6 6. Bg2 Be7 7. O-O b5 8. e5 Nd7
9. h4 Nb6 10. Bf4 Bb7 11. Nbd2 Qd7 12. c4 bxc4 13. dxc4 O-O 14. Rad1 Nd4 15.
Nxd4 cxd4 16. c5 Bxc5 17. Nb3 Be7 18. Nxd4 Rfc8 19. Qg4 a5 20. Rfe1 a4 21. h5
Bf8 22. h6 g6 23. Bg5 Rc4 24. b3 axb3 25. axb3 Rc3 26. Rc1 Rac8 27. Rxc3 Rxc3
28. Rc1 Rxc1+ 29. Bxc1 Qc7 30. Bf4 Qc3 31. Be3 Nd7 32. Qg5 Qc7 33. Nf3 Nc5 34.
Qf4 Nxb3 35. Ng5 d4 36. Bxd4 Bxg2 37. Kxg2 Nxd4 38. Qxd4 Bxh6 39. Ne4 Bg7 40. f4
h6 41. Kf3 Kh7 42. Qa4 Qb7 1/2-1/2

[Event "World Blitz 2015"]
[Site "Berlin GER"]
[Date "2015.10.13"]
[Round "5.32"]
[White "Guseinov, Gadir"]
[Black "Belov, Vladimir"]
[Result "1-0"]
[WhiteTitle "GM"]
[BlackTitle "GM"]
[WhiteElo "2634"]
[BlackElo "2614"]
[WhiteFideId "13401378"]
[BlackFideId "4132394"]
[EventDate "2015.10.13"]

1. e4 c5 2. Nc3 d6 3. Nf3 e6 4. d4 cxd4 5. Nxd4 a6 6. g3 b5 7. Bg2 Bb7 8. O-O
Nd7 9. Re1 Rc8 10. a4 b4 11. Na2 Ngf6 12. Nxb4 d5 13. Nxd5 Bc5 14. Nxf6+ Nxf6
15. c3 O-O 16. Bg5 Qb6 17. Bxf6 gxf6 18. b4 Be7 19. a5 Qd6 20. e5 Qb8 21. Bxb7
Qxb7 22. Qd3 Rfd8 23. Rac1 fxe5 24. Rxe5 Bf6 25. Ree1 Bxd4 26. cxd4 Rxc1 27.
Rxc1 Qxb4 28. Qxa6 Rxd4 29. Ra1 Qb2 30. Qf1 Rd2 31. Qc1 Qd4 32. Qe1 Rxf2 33. Ra4
Qxa4 34. Kxf2 Qa2+ 35. Kf3 Qa3+ 36. Kg2 Qa2+ 37. Kh3 Qc4 38. Qe5 Qf1+ 39. Kh4 h6
40. Qb8+ Kh7 41. Qe5 Kg6 42. Qe4+ Kg7 43. Qg4+ Kh7 44. Qf4 Qe2 45. Qxf7+ Kh8 46.
Qf8+ Kh7 47. Qf7+ Kh8 48. Kh3 e5 49. Qf6+ Kh7 50. Qf5+ Kg7 51. Qg4+ 1-0

[Event "World Blitz 2015"]
[Site "Berlin GER"]
[Date "2015.10.13"]
[Round "5.33"]
[White "Eljanov, Pavel"]
[Black "Bologan, Viktor"]
[Result "1-0"]
[WhiteTitle "GM"]
[BlackTitle "GM"]
[WhiteElo "2717"]
[BlackElo "2607"]
[WhiteFideId "14102951"]
[BlackFideId "13900048"]
[EventDate "2015.10.13"]

1. d4 d5 2. Nf3 Nf6 3. c4 c6 4. e3 Bf5 5. Nc3 a6 6. Qb3 b5 7. c5 a5 8. Nh4 Bc8
9. f4 g6 10. Bd3 Bg7 11. O-O O-O 12. Bd2 Na6 13. a3 Nc7 14. Qc2 Nd7 15. Nf3 f5
16. b4 a4 17. h3 Nf6 18. Ne5 Bd7 19. Kh2 Ne4 20. Be1 e6 21. Rg1 Ne8 22. g4 Qc7
23. Kh1 Nxc3 24. Qxc3 Nf6 25. Bh4 Rae8 26. Qc2 Kh8 27. Rg2 Ng8 28. Rag1 Bc8 29.
gxf5 exf5 30. Nxg6+ hxg6 31. Rxg6 Rf7 32. Qe2 Nf6 33. Bxf6 Bxf6 34. Rxf6 Rh7 35.
Qf3 Qe7 36. Rfg6 Bd7 37. R1g3 Rf8 38. Kh2 Be8 39. R6g5 Qe6 40. h4 Re7 41. h5 Qh6
42. Bxf5 Qf6 43. Qg4 Bf7 44. Rg7 Be6 45. Rxe7 Bxf5 46. Qg7+ Qxg7 47. Rgxg7 1-0

[Event "World Blitz 2015"]
[Site "Berlin GER"]
[Date "2015.10.13"]
[Round "5.34"]
[White "Gajewski, Grzegorz"]
[Black "Dlugy, Maxim"]
[Result "1-0"]
[WhiteTitle "GM"]
[BlackTitle "GM"]
[WhiteElo "2654"]
[BlackElo "2518"]
[WhiteFideId "1116207"]
[BlackFideId "2000075"]
[EventDate "2015.10.13"]

1. c4 Nf6 2. Nf3 g6 3. g3 Bg7 4. Bg2 O-O 5. O-O d6 6. d4 c6 7. Nc3 Qa5 8. e4 e5
9. h3 Nbd7 10. Qc2 exd4 11. Nxd4 Qc5 12. Be3 Qxc4 13. Rfd1 Qa6 14. a4 Qa5 15.
Nb3 Qc7 16. Nb5 Qd8 17. Nxd6 Qe7 18. f4 Ne8 19. Nxc8 Rxc8 20. Bxa7 Nc7 21. Kh2
g5 22. Nc5 Nb8 23. Bxb8 Rxb8 24. Rd7 Qf6 25. Rxc7 gxf4 26. Rf1 fxg3+ 27. Kh1 Qe5
28. Rxb7 Rxb7 29. Nxb7 Rb8 30. Qxc6 Qxb2 31. Nd6 Qa2 32. Nxf7 Rf8 33. e5 Rxf7
34. Qd5 1-0